|
|
|
|
| LEADER |
01903nam a2200445 i 4500 |
| 001 |
EBC954641 |
| 003 |
MiAaPQ |
| 005 |
20200520144314.0 |
| 006 |
m o d | |
| 007 |
cr cnu|||||||| |
| 008 |
190118s2012 nyu ob 001 0 eng d |
| 020 |
|
|
|z 9781606503423
|
| 020 |
|
|
|a 9781606503447
|q (electronic bk.)
|
| 035 |
|
|
|a (MiAaPQ)EBC954641
|
| 035 |
|
|
|a (Au-PeEL)EBL954641
|
| 035 |
|
|
|a (CaPaEBR)ebr10588195
|
| 035 |
|
|
|a (CaONFJC)MIL420851
|
| 035 |
|
|
|a (OCoLC)830170654
|
| 040 |
|
|
|a MiAaPQ
|b eng
|e rda
|e pn
|c MiAaPQ
|d MiAaPQ
|
| 050 |
|
4 |
|a TK7882.P3
|b .T474 2012
|
| 082 |
0 |
|
|a 621.3819598
|2 23
|
| 100 |
1 |
|
|a Teshima, Shoichi,
|e author.
|
| 245 |
1 |
0 |
|a Quality recognition and prediction :
|b smarter pattern technology with the Mahalanobis-Taguchi system /
|c Shoichi Teshima, Yoshiko Hasegawa, Kazuo Tatebayashi.
|
| 264 |
|
1 |
|a New York :
|b Momentum Press, LLC,
|c [2012]
|
| 264 |
|
4 |
|c 2012
|
| 300 |
|
|
|a 1 online resource (242 pages)
|
| 336 |
|
|
|a text
|b txt
|2 rdacontent
|
| 337 |
|
|
|a computer
|b c
|2 rdamedia
|
| 338 |
|
|
|a online resource
|b cr
|2 rdacarrier
|
| 504 |
|
|
|a Includes bibliographical references and index.
|
| 588 |
|
|
|a Description based on print version record.
|
| 590 |
|
|
|a Electronic reproduction. Ann Arbor, MI : ProQuest, 2018. Available via World Wide Web. Access may be limited to ProQuest affiliated libraries.
|
| 650 |
|
0 |
|a Pattern recognition systems.
|
| 650 |
|
0 |
|a Taguchi methods (Quality control)
|
| 655 |
|
4 |
|a Electronic books.
|
| 700 |
1 |
|
|a Hasegawa, Yoshiko,
|e author.
|
| 700 |
1 |
|
|a Tatebayashi, Kazuo,
|e author.
|
| 776 |
0 |
8 |
|i Print version:
|a Teshima, Shoichi.
|t Quality recognition and prediction : smarter pattern technology with the Mahalanobis-Taguchi system.
|d New York : Momentum Press, LLC, c2012
|h 242 pages
|z 9781606503423
|
| 797 |
2 |
|
|a ProQuest (Firm)
|
| 856 |
4 |
0 |
|u https://ebookcentral.proquest.com/lib/matrademy/detail.action?docID=954641
|z Click to View
|